Пропуск в контексте

Основы международного экономического права учебное пособие

Учебное пособие «Основы международного экономического права» подготовлено в соответствии с рабочей программой курса «Международное экономическое право» и с учетом требований кредитно-модульной системы. В нем рассмотрены вопросы о сущности международного экономического права, правовой природе междуна...

Полное описание

Сохранить в:
Библиографические подробности
Главный автор: Соловьева Ю. А.
Формат: Книга
Язык:Russian
Опубликовано: Донецк ДонНУ 2021
Online-ссылка:https://e.lanbook.com/book/302423
https://e.lanbook.com/img/cover/book/302423.jpg
Метки: Добавить метку
Нет меток, Требуется 1-ая метка записи!
LEADER 02917nam0a2200253 i 4500
001 302423
003 RuSpLAN
005 20230130160213.0
008 230130s2021 ru gs 000 0 rus
040 |a RuSpLAN 
041 0 |a rus 
044 |a ru 
080 |a 341.23:339.5/.9-021.51(075.8) 
084 |a Х516.1р730  |2 rubbk 
245 0 0 |a Основы международного экономического права  |b учебное пособие  |c Соловьева Ю. А. 
260 |a Донецк  |b ДонНУ  |c 2021 
300 |a 202 с. 
504 |a Библиогр.: доступна в карточке книги, на сайте ЭБС Лань 
520 8 |a Учебное пособие «Основы международного экономического права» подготовлено в соответствии с рабочей программой курса «Международное экономическое право» и с учетом требований кредитно-модульной системы. В нем рассмотрены вопросы о сущности международного экономического права, правовой природе международных экономических договоров, международно- правовом регулировании торговых, валютных, таможенных и инвестиционных отношений, а также об основах транспортного регулирования международной торговли и международных трудовых отношений. Для лучшего закрепления теоретического материала к каждой теме курса предлагаются вопросы для самоконтроля и тестовые задания для самопроверки знаний. В конце учебного пособия представлен список рекомендованной литературы. Учебное пособие рекомендовано для студентов по направлению подготовки 40.04.01 «Юриспруденция» очной и заочной форм обучения. Оно может быть полезным для работников системы образования и всех, кто интересуется вопросами правового регулирвания международных экномических отношений. 
521 8 |a Книга из коллекции ДонНУ - Право. Юридические науки 
100 1 |a Соловьева Ю. А. 
856 4 |u https://e.lanbook.com/book/302423 
856 4 8 |u https://e.lanbook.com/img/cover/book/302423.jpg 
953 |a https://e.lanbook.com/img/cover/book/302423.jpg